LEADER 00935nam 2200313 450 001 996574676003316 005 20230616111559.0 035 $a(CKB)5280000000208306 035 $a(IEEE)10297 035 $a(NjHacI)995280000000208306 035 $a(EXLCZ)995280000000208306 100 $a20230616d1961 uy 0 101 0 $aeng 135 $aur||||||||||| 181 $ctxt$2rdacontent 182 $cc$2rdamedia 183 $acr$2rdacarrier 200 10$a15th Annual Symposium on Frequency Control /$fInstitute of Electrical and Electronics Engineers 210 1$a[Place of publication not identified] :$cIEEE,$d1961. 215 $a1 online resource 606 $aRadio frequency$vCongresses 615 0$aRadio frequency 676 $a621.381533 801 0$bNjHacI 801 1$bNjHacl 906 $aBOOK 912 $a996574676003316 996 $a15th Annual Symposium on Frequency Control$92522299 997 $aUNISA